| 000 | 00000nam 2200000zi 4500 |
| 001 | 9.940671 |
| 003 | CaOODSP |
| 005 | 20240717101301 |
| 006 | m o d f |
| 007 | cr |n||||||||| |
| 008 | 240717s2023 onc o s f|0| 0 fre d |
| 020 | |z9780660692371 |q(incorrect) |
| 040 | |aCaOODSP|bfre|erda|cCaOODSP |
| 043 | |an-cn--- |
| 086 | 1 |aPS83-5/R474F-PDF|zPS83-3/474F-PDF |
| 245 | 00|aValidation de l’Échelle de classement par niveau de sécurité pour les délinquants noirs / |cpréparée par : Équipe des projets spéciaux et de la gestion des données. |
| 264 | 1|a[Ottawa] : |bService correctionnel Canada = Correctional Service Canada, |c2023. |
| 300 | |a1 ressource en ligne (1 page). |
| 336 | |atexte|btxt|2rdacontent/fre |
| 337 | |ainformatique|bc|2rdamedia/fre |
| 338 | |aressource en ligne|bcr|2rdacarrier/fre |
| 490 | 1 |aRecherche en un coup d'œil ; |vR-474 |
| 500 | |aPublié aussi en anglais sous le titre : Validation of the Custody Rating Scale for Black men offenders. |
| 650 | 6|aPrisonniers masculins|zCanada|xClassification|vStatistiques. |
| 650 | 6|aPrisonniers masculins|xÉvaluation du risque|zCanada|vStatistiques. |
| 650 | 6|aPrisons|xDiscipline|zCanada|vStatistiques. |
| 650 | 6|aLibération conditionnelle|xRévocation|zCanada|vStatistiques. |
| 655 | 7|aStatistiques|2rvmgf |
| 710 | 2 |aService correctionnel Canada, |eorganisme de publication. |
| 775 | 08|tValidation of the Custody Rating Scale for Black men offenders / |w(CaOODSP)9.940669 |
| 830 | #0|aRecherche en un coup d'œil (Service correctionnel Canada)|vR-474.|w(CaOODSP)9.503037 |
| 856 | 40|qPDF|s260 Ko|uhttps://publications.gc.ca/collections/collection_2024/scc-csc/PS83-5-R474-fra.pdf |
| 856 | 4 |qHTML|sS.O.|uhttps://www.canada.ca/fr/service-correctionnel/organisation/bibliotheque/recherche/coup-oeil/474.html |